[Event "Aeroflot Open 2017"]
[Site "Moscow"]
[Date "2017.02.26"]
[Round "6"]
[White "Zhigalko, Sergei"]
[Black "Firouzja, Alireza"]
[Result "1/2-1/2"]
[WhiteElo "2652"]
[BlackElo "2465"]
[Annotator "TA"]
[PlyCount "82"]
[EventDate "2017.??.??"]

1. d4 d5 2. c4 e6 3. Nc3 Be7 4. cxd5 exd5 5. Bf4 c6 6. Qc2 Nf6 7. Nf3 O-O 8. e3
Nh5 9. Bg3 Nd7 10. Bd3 {LiveBook: 3 Games} h6 11. a3 Nxg3 12. hxg3 Nf6 13. Ne5
c5 ({Better is} 13... Bd6 $15) 14. O-O Be6 15. dxc5 d4 16. exd4 Qxd4 17. Rfe1
Qxc5 ({Don't go for} 17... Bxc5 $2 18. Nb5 Qxf2+ 19. Qxf2 $18) 18. b4 Qc7 19.
Rac1 Rfc8 20. Qe2 Bd6 21. Na2 (21. Nf3 $11) 21... Qd8 22. Nc4 Bf8 23. Nc3 Rc7
24. Nb5 Re7 25. Ne3 a5 26. bxa5 (26. Rcd1 $11) 26... Qxa5 $17 27. Qf3 Rd8 28.
Bf1 Bd5 29. Qf4 Re4 30. Qc7 Qxc7 31. Rxc7 Bc6 {[#] Threatens to win with ...
Nd5.} 32. Na7 Rd7 33. Rc8 Ba4 34. Bb5 Rd2 35. Bxa4 Rxa4 36. Nb5 Rd7 37. Nc4 {
[#] Black must now prevent Nb6.The position is equal.} Ra6 $1 38. Ne5 Re7 39.
f4 Ra5 40. Nd6 Rxa3 41. Rec1 g6 1/2-1/2

[Event "Aeroflot Open 2017"]
[Site "Moscow"]
[Date "2017.02.26"]
[Round "6"]
[White "Swiercz, Dariusz"]
[Black "Narayanan, Srinath"]
[Result "1-0"]
[WhiteElo "2645"]
[BlackElo "2474"]
[Annotator "TA"]
[PlyCount "67"]
[EventDate "2017.??.??"]

1. d4 Nf6 2. c4 e6 3. Nf3 b6 4. g3 Bb7 5. Bg2 Bb4+ 6. Bd2 c5 7. dxc5 Bxc5 8.
O-O O-O 9. Nc3 d5 10. cxd5 Nxd5 11. Qa4 Nd7 12. Rfd1 Be7 13. Nxd5 Bxd5 14. Bc3
Bf6 (14... Qc7 $14) 15. Bb4 $1 $16 b5 (15... Bxb2 $2 16. Rab1 b5 17. Qxb5 $18)
16. Qxb5 ({White should try} 16. Qa3 $1 $16) 16... Qb8 ({Wrong is} 16... Bxb2
$2 17. Rab1 (17. Bxf8 Bxa1 18. Ba3 a6 $18) 17... Rb8 18. Qa4 $18) (16... Rb8
$11 {keeps the balance.} 17. Qa4 Nb6) 17. Qxb8 ({Inferior is} 17. Qxd7 Qxb4 18.
Ne1 Rfd8 $15) 17... Rfxb8 (17... Nxb8 $2 {perishes.} 18. Bxf8 Kxf8 19. Nd4 $18)
18. Bc3 Bxc3 19. bxc3 Nb6 20. Ne5 Bxg2 21. Kxg2 Rc8 22. Rac1 $36 {Black is
under pressure.} f6 23. Nf3 e5 24. Nd2 Na4 25. Ne4 Rc4 26. f3 Nb6 27. Nd6 Ra4 {
[#]} (27... Rc5 $16 {might work better.}) 28. c4 $1 $18 {Threatens to win with
c5.} Rxa2 29. Kf1 Nc8 {[#]} 30. Nf5 $1 {And now c5 would win.} Kf7 $2 (30... g6
) 31. Rb1 Nb6 32. c5 Na4 (32... Ra6 $18 33. cxb6 axb6) 33. Rb7+ Kg6 34. Rxg7+
1-0

[Event "Aeroflot Open 2017"]
[Site "Moscow"]
[Date "2017.02.26"]
[Round "6"]
[White "Lysyj, Igor"]
[Black "Mamedov, Rauf"]
[Result "1/2-1/2"]
[WhiteElo "2643"]
[BlackElo "2688"]
[Annotator "TA"]
[PlyCount "40"]
[EventDate "2017.??.??"]

1. d4 d5 2. c4 c6 3. Nf3 Nf6 4. e3 Bf5 5. Nc3 e6 6. Nh4 Be4 7. f3 Bg6 8. Qb3
Qc7 9. Bd2 Be7 10. cxd5 cxd5 11. O-O-O Nc6 12. Nxg6 hxg6 13. Kb1 a6 14. Rc1 Rc8
{LiveBook: 3 Games} 15. Bd3 Nd7 16. Ne2 b5 {[#]} (16... Qb6 $11) 17. e4 ({
White must play} 17. a4 $1 $16) 17... Nb6 $15 18. exd5 exd5 19. Ba5 Nxa5 {[#]}
20. Rxc7 $1 Nxb3 (20... Rxc7 21. Qd1) 1/2-1/2

[Event "Aeroflot Open 2017"]
[Site "Moscow"]
[Date "2017.02.26"]
[Round "6"]
[White "Alekseev, Evgeny"]
[Black "Indjic, Aleksandar"]
[Result "1/2-1/2"]
[WhiteElo "2632"]
[BlackElo "2560"]
[Annotator "TA"]
[PlyCount "57"]
[EventDate "2017.??.??"]

1. e4 g6 2. d4 Bg7 3. Nf3 d6 4. c3 Nf6 5. Bd3 O-O 6. O-O Nbd7 7. Re1 e5 8. Nbd2
Re8 9. h3 b6 10. Nf1 Bb7 11. Ng3 {LiveBook: 3 Games} d5 12. exd5 exd4 (12...
Bxd5 $6 13. Nxe5 Nxe5 14. Rxe5 $16 (14. dxe5 Nd7 $16)) 13. Rxe8+ {Black is
slightly better.} Qxe8 14. c4 b5 ({Better is} 14... Nc5 $15) 15. b3 $11 bxc4
16. bxc4 Nc5 17. Bb2 Nxd3 18. Qxd3 c5 $1 19. dxc6 Qxc6 ({Reject} 19... Bxc6 $6
20. Re1 (20. Bxd4 Rc8 $16) (20. Nxd4 Rb8 21. Nxc6 Rxb2 22. Nxa7 h5 $14) (20.
Qxd4 Bxf3 21. gxf3 Nh5 $11) 20... Qf8 21. Ne5 $16 (21. Bxd4 Rd8 $16) (21. Qxd4
Bxf3 22. gxf3 Rc8 $11)) 20. Qxd4 Nh5 21. Qd2 {Nxh5 is the strong threat.} Bxb2
22. Qxb2 {Strongly threatening Nxh5.} Nf4 (22... Nxg3 $11 {remains equal.} 23.
fxg3 Qc5+ 24. Qd4 Rc8) 23. Rb1 $16 Ba6 {[#]} 24. Qd4 (24. Qd2 $1 $16 Ne6 25.
Re1) 24... Qxc4 $14 25. Qxc4 Bxc4 {The position is equal.} 26. Rb4 Ne2+ 27. Kh2
Rc8 28. Ne4 {[#] Threatens to win with Nd6.} Bxa2 29. Ra4 1/2-1/2

[Event "Aeroflot Open 2017"]
[Site "Moscow"]
[Date "2017.02.26"]
[Round "6"]
[White "Bluebaum, Matthias"]
[Black "Lomasov, Semen"]
[Result "1/2-1/2"]
[WhiteElo "2632"]
[BlackElo "2450"]
[Annotator "TA"]
[PlyCount "96"]
[EventDate "2017.??.??"]

1. d4 Nf6 2. c4 e6 3. Nf3 Bb4+ 4. Nbd2 O-O 5. a3 Be7 6. e4 d5 7. e5 Nfd7 8. Bd3
c5 9. Qc2 h6 10. O-O cxd4 11. Nb3 Nc6 12. Re1 dxc4 13. Qxc4 {LiveBook: 3 Games}
a5 (13... Nb6 $11 14. Qc2 a6) 14. Bc2 $16 ({Reject} 14. Nbxd4 $6 Nxd4 15. Qxd4
Nc5 $11) ({And not} 14. Nfxd4 Ncxe5 15. Qc2 Nxd3 16. Qxd3 a4 $19) 14... Re8 15.
Nbxd4 {White is better.} Nxd4 (15... Qb6 $16 {keeps fighting.}) 16. Qxd4 $18
Qc7 17. Ba4 (17. Qe4 $16 {White threatens Qh7+ and mate.} Nf8 18. Be3) 17...
Rd8 (17... b5 $1 $14 18. Bxb5 Rd8) 18. Qg4 {Bxh6 is the strong threat.} Kf8 {
[#]} 19. Qh5 $2 (19. Qe4 $1 $18 {Strongly threatening Qh7.} Kg8 20. Be3) 19...
Qc4 $11 20. Bxh6 gxh6 ({Wrong is} 20... Qxa4 $2 21. Ng5 Bxg5 22. Bxg5 $18) 21.
Qxh6+ Ke8 22. b3 Qg4 23. h3 ({Better is} 23. Rad1 $11) 23... Qg6 $1 $15 24.
Qh8+ Bf8 25. Nd4 {[#] Black should prevent Nb5.} Qh6 $1 26. Qg8 (26. Qf6 $17)
26... Qg7 $19 27. Qxg7 Bxg7 28. f4 Ke7 {Hoping for ...Nxe5.} 29. Rac1 Nb6 30.
Rc7+ (30. Nb5 $142) 30... Kf8 31. Nb5 Nd5 32. Rc4 Nb6 33. Rc7 Nd5 34. Rc4 $1
Bd7 {Black is clearly better.} 35. Nd6 Bxa4 36. bxa4 (36. Rxa4 $17 Rd7 37. Rae4
) 36... b6 37. f5 {[#]} Bxe5 $1 38. Nxf7 (38. Rxe5 Rxd6) 38... Kxf7 39. Rxe5
exf5 {And now ...Kf6 would win.} 40. Rxf5+ Ke6 41. Rh5 Rh8 42. Re4+ Kd6 43.
Rhe5 Rac8 44. Re6+ Kd7 45. R6e5 Rc1+ 46. Kh2 Kd6 47. Rg5 Kc5 48. h4 Rc4 1/2-1/2

[Event "Aeroflot Open 2017"]
[Site "Moscow"]
[Date "2017.02.26"]
[Round "6"]
[White "Goganov, Aleksey"]
[Black "Movsesian, Sergei"]
[Result "1/2-1/2"]
[WhiteElo "2632"]
[BlackElo "2679"]
[Annotator "TA"]
[PlyCount "115"]
[EventDate "2017.??.??"]

1. c4 e5 2. Nc3 Nc6 3. g3 g6 4. Bg2 Bg7 5. e3 d6 6. Nge2 Be6 7. d3 Qd7 8. Nd5
Nd8 {LiveBook: 20 Games} 9. f4 h5 10. e4 c6 {Black is slightly better.} 11. Ne3
Ne7 (11... h4 $11) 12. d4 $14 exd4 13. Nxd4 f5 14. O-O (14. exf5 $14 Nxf5 15.
Nexf5 Bxf5 16. Nxf5 gxf5 17. Kf2) 14... fxe4 $1 $11 15. Bxe4 {[#] f5 is the
strong threat.} Bh3 16. Re1 Nf7 (16... Ne6 $17 17. Nxe6 Bxe6) 17. Rb1 $1 $36 {
White is more active.} O-O 18. b3 Rae8 19. Bb2 Nh6 20. Qd3 Nef5 21. Ndxf5 gxf5
22. Bf3 h4 23. Kf2 Re6 24. Bxg7 Qxg7 25. Ng2 hxg3+ 26. hxg3 Rfe8 27. Rxe6 Rxe6
28. Ne3 Bg4 29. Bxg4 Nxg4+ {The position is equal.} 30. Nxg4 fxg4 31. Re1 Rxe1
32. Kxe1 $11 {Endgame KQ-KQ} Kf7 33. a4 a5 34. Qf5+ Ke7 35. Qxa5 {[#]
Threatens to win with Qc7+.} Kd7 $1 36. Qf5+ Kc7 37. Qa5+ Kd7 38. Qf5+ Kc7 39.
Qd3 Qh8 40. Kd1 Qa1+ 41. Kc2 Qa2+ 42. Kc3 Qa1+ 43. Kd2 Qb2+ 44. Qc2 Qd4+ 45.
Ke2 Qh8 46. Qd3 Qh2+ 47. Ke1 Qg1+ 48. Kd2 Qf2+ 49. Kc1 Qe1+ 50. Kb2 Qf2+ 51.
Ka3 Qf3 52. Qh7+ Kb6 53. a5+ Ka7 54. Qc7 Qd1 ({Don't take} 54... Qxg3 $2 55.
Qb6+ (55. Qxd6 $2 Qe3 56. a6 Kxa6 $19) 55... Ka8 56. a6 bxa6 57. Qxa6+ Kb8 58.
Qb6+ (58. Qxc6 Qxf4 59. Ka4 g3 $11) 58... Kc8 59. Qxc6+ Kb8 60. Qxd6+ Kc8 61.
Qc6+ Kd8 62. Qd6+ Kc8 63. Qf8+ Kd7 64. Qf7+ Kc6 65. Qd5+ Kc7 66. Qc5+ Kd7 67.
Qd4+ Ke6 68. c5 $18) 55. Qb6+ Kb8 56. Qd8+ Ka7 57. Qf6 Qd2 58. Qd8 1/2-1/2

[Event "Aeroflot Open 2017"]
[Site "Moscow"]
[Date "2017.02.26"]
[Round "6"]
[White "Sethuraman, S P."]
[Black "Ramirez, Alejandro"]
[Result "1/2-1/2"]
[WhiteElo "2623"]
[BlackElo "2549"]
[Annotator "TA"]
[PlyCount "86"]
[EventDate "2017.??.??"]

1. e4 Nf6 2. e5 Nd5 3. d4 d6 4. Nf3 dxe5 5. Nxe5 c6 6. Be2 Bf5 7. O-O Nd7 8.
Bg4 Bxg4 9. Qxg4 g6 {LiveBook: 5 Games} 10. c4 Nc7 11. Nd2 (11. Nf3 $14) 11...
Bg7 $11 {The position is equal.} 12. Ndf3 Qc8 13. Qh4 Nxe5 14. dxe5 Qf5 15. Bg5
$1 f6 ({Don't capture} 15... Bxe5 $2 16. Bxe7 (16. Nxe5 f6 $16) 16... g5 17.
Bxg5 $18 (17. Qxg5 Qxg5 18. Bxg5 Bg7 $16)) 16. exf6 exf6 17. Rfe1+ Kf7 $1 18.
Be3 Ne6 19. c5 {With the idea Rad1.} Rhd8 20. Qb4 Rd7 21. Nd2 Bf8 22. Ne4 b5 {
aiming for ...a5.} 23. f3 a5 24. Qc3 a4 25. Rad1 Rad8 26. Rxd7+ Rxd7 27. b3
axb3 28. axb3 Be7 29. b4 Qd5 30. h4 Qd3 31. Qa1 Qc4 32. Qa8 Qxb4 33. Bf2 Nd8
34. Qc8 Rd5 $2 {[#]} (34... Ra7 $16 {was worth a try.}) 35. Qc7 $1 $18 {
Ng5+! would kill now.} Ne6 36. Qxc6 Re5 37. Rc1 $2 (37. Qd7 $18 {White
threatens Nd6+ and mate.} Nxc5 38. Nd6+ Kg7 {[#]} 39. Rxe5 $1 Nxd7 40. Rxe7+
Kg8 41. Rxd7) 37... Nd4 $17 38. Bxd4 Qxd4+ 39. Kh1 f5 40. Nd6+ $2 (40. Ng5+ $17
Kg7 41. Qxb5) 40... Kg7 $19 {Black is clearly winning.} 41. Ne8+ Kg8 42. Nd6
Qxh4+ 43. Kg1 Bg5 {A strange result} 1/2-1/2

[Event "Aeroflot Open 2017"]
[Site "Moscow"]
[Date "2017.02.26"]
[Round "6"]
[White "Vavulin, Maksim"]
[Black "Svane, Rasmus"]
[Result "1/2-1/2"]
[WhiteElo "2604"]
[BlackElo "2570"]
[Annotator "TA"]
[PlyCount "53"]
[EventDate "2017.??.??"]

1. e4 c6 2. d4 d5 3. Nc3 dxe4 4. Nxe4 Bf5 5. Ng3 Bg6 6. Nf3 e6 7. h4 h6 8. Ne5
Bh7 9. Qh5 Qc7 10. Bc4 Nf6 11. Qe2 Bd6 {LiveBook: 4 Games} 12. c3 O-O 13. Nh5 (
13. O-O $11) 13... Nxh5 $17 {Black is better.} 14. Qxh5 c5 {aiming for ...cxd4.
} 15. Be3 cxd4 16. Bxd4 Nc6 17. Nxc6 Qxc6 18. Be2 e5 19. Be3 f5 20. Rd1 (20. f4
$15) 20... Bc7 $36 {Black is on the roll.} 21. Qf3 e4 $1 22. Qh3 f4 23. Bd4
Rae8 $1 {Hoping for ... f3.} 24. Bg4 {[#]} (24. Bxa7 $2 f3 25. Rd2 fxe2 $19) (
24. a4 $17) 24... Qa6 $2 (24... e3 $1 $19 {White must now prevent ...e2!} 25.
Bf3 (25. fxe3 fxe3) 25... Qb5) 25. Be2 $11 Qc6 $2 ({Don't take} 25... Qxa2 $2
26. Qd7 Be5 27. Qb5 $18 (27. Qxb7 Bxd4 28. Rxd4 Kh8 $11)) (25... Qa4 $15) 26.
Bg4 $1 $19 {[#] Threatening Bd7.} ({Not} 26. Bxa7 $2 f3 27. Rd2 fxe2 $19) 26...
Qa6 $2 (26... e3 $1 $19 {Strongly threatening ...e2!} 27. Bd7 {[#]} (27. fxe3
fxe3) 27... Qe4 $1) 27. Be2 1/2-1/2

[Event "Aeroflot Open 2017"]
[Site "Moscow"]
[Date "2017.02.26"]
[Round "6"]
[White "Bosiocic, Marin"]
[Black "Sjugirov, Sanan"]
[Result "1/2-1/2"]
[WhiteElo "2602"]
[BlackElo "2673"]
[Annotator "TA"]
[PlyCount "81"]
[EventDate "2017.??.??"]

1. d4 Nf6 2. c4 e6 3. Nf3 d5 4. g3 Bb4+ 5. Bd2 Be7 6. Bg2 O-O 7. O-O c6 8. Qc2
b6 9. Rd1 Nbd7 10. Bf4 Ba6 11. Ne5 Rc8 12. Qa4 Nb8 $1 {LiveBook: 3 Games} 13.
Qb3 Nbd7 14. Nd2 Nxe5 15. Bxe5 Ng4 16. Bf4 g5 17. Be3 Nxe3 18. Qxe3 Bxc4 19.
Nxc4 dxc4 20. Rac1 b5 21. b3 cxb3 22. axb3 Qd6 23. Qf3 a6 24. Rd3 Kg7 25. h4
gxh4 26. e4 (26. gxh4 $15 Kh8 27. e3 (27. Rxc6 Rxc6 28. Qxc6 Rd8 $15)) 26... e5
(26... hxg3 $17 27. fxg3 Qa3) 27. Rc5 $15 Qf6 ({Better is} 27... exd4 $15 28.
Rh5 Rcd8) 28. Qxf6+ Bxf6 29. Bh3 Rcd8 30. Rxc6 Rxd4 31. Rf3 Bd8 32. Bf5 h6 33.
Rxa6 Rd2 34. gxh4 Bxh4 35. Ra7 Rg8 36. Bd7 Rd1+ 37. Kh2 {The position is equal.
} Bg5 {Hoping for ...Bf4+.} 38. Bg4 ({Much worse is} 38. Bxb5 Bf4+ 39. Rxf4
exf4 $17) 38... Rf8 39. Rfxf7+ Rxf7 40. Rxf7+ Kxf7 41. Bxd1 1/2-1/2

[Event "Aeroflot Open 2017"]
[Site "Moscow"]
[Date "2017.02.26"]
[Round "6"]
[White "Bok, Benjamin"]
[Black "Vidit, Santosh Gujrathi"]
[Result "1/2-1/2"]
[WhiteElo "2596"]
[BlackElo "2673"]
[Annotator "TA"]
[PlyCount "128"]
[EventDate "2017.??.??"]

1. e4 e5 2. Nf3 Nc6 3. Bc4 Bc5 4. O-O Nf6 5. d3 O-O 6. a4 a6 7. Bg5 h6 8. Bh4
Be7 9. Bg3 d6 10. c3 {LiveBook: 4 Games} g6 11. h3 Nh5 12. Bh2 {White is
slightly better.} Bg5 13. Na3 Bf4 14. d4 Bxh2+ 15. Kxh2 Nf4 16. Nc2 Kg7 17. Re1
f5 18. dxe5 $1 fxe4 19. Rxe4 d5 {[#]} 20. Rxf4 $1 Rxf4 21. Qxd5 (21. Bxd5 $16
Nxe5 22. Nxe5) 21... Qxd5 $11 22. Bxd5 Bf5 23. Bxc6 bxc6 24. Ncd4 c5 25. Kg3
Re4 26. Nb3 Rb8 $36 {White is under pressure.} 27. Nxc5 Rc4 28. b4 (28. Nxa6
$11 Rxb2 29. Nb4) 28... a5 $1 $17 ({Weaker is} 28... Rxc3 29. Nxa6 Ra8 30. Nc5
$11) 29. Na6 Rb6 30. b5 Rxc3 31. Rd1 Bc8 $1 32. Kf4 Kf7 33. Ke4 Rc4+ 34. Kd3
Rxa4 35. Nxc7 {[#]} Bf5+ $1 36. Ke2 (36. Kc3 $17 {was the only defense.} Rb7
37. e6+ Bxe6 38. Ne5+ Kf6 39. Nd7+ Bxd7 40. Rxd7) 36... Rb7 (36... Re4+ $19 {
has better winning chances.} 37. Kf1 Rb7 38. e6+ Bxe6 39. Nxe6 Kxe6 40. Nd4+
Kf6) 37. Rc1 Ra2+ 38. Ke3 {Nd4 is the strong threat.} Rc2 39. e6+ $1 Ke7 40.
Nd5+ Kxe6 41. Nd4+ Kxd5 42. Nxc2 Bxc2 43. Rxc2 Rxb5 $11 {Endgame KR-KR} 44.
Rd2+ {[#]} (44. Rc3 $11) 44... Kc5 (44... Kc4 $1 $17 {Strongly threatening ...
Re5+.} 45. Rd4+ Kb3 46. Rd3+ Ka2 47. Rd2+ Rb2) 45. Kd3 {The position is equal.}
a4 46. Kc3 Rb3+ 47. Kc2 Rb4 48. Kc3 Re4 49. Kb2 Kb4 50. Rd6 Re2+ 51. Kb1 g5 52.
Rxh6 Rxf2 53. g4 Rh2 54. Rg6 Kb3 55. Rb6+ Ka3 56. Rb5 Rh1+ 57. Kc2 Rh2+ 58. Kb1
Rh1+ 59. Kc2 Rxh3 60. Rxg5 Rg3 61. Rg8 Rg2+ 62. Kb1 Rg1+ 63. Kc2 Rg2+ 64. Kb1
Rg1+ 1/2-1/2

[Event "Aeroflot Open 2017"]
[Site "Moscow"]
[Date "2017.02.26"]
[Round "6"]
[White "Tari, Aryan"]
[Black "Motylev, Alexander"]
[Result "1/2-1/2"]
[WhiteElo "2596"]
[BlackElo "2663"]
[Annotator "TA"]
[PlyCount "39"]
[EventDate "2017.??.??"]

1. e4 e5 2. Nf3 Nc6 3. Bb5 a6 4. Ba4 d6 5. c3 Nf6 6. d4 Bd7 7. Nbd2 g6 8. O-O
b5 {LiveBook: 3 Games} 9. Bc2 Bg7 10. dxe5 dxe5 11. Nb3 O-O 12. Be3 Qc8 13. Nc5
Rd8 14. Qe2 Be8 15. a4 Nh5 (15... Nd7 $142) 16. Bd3 bxa4 17. Bxa6 Qb8 18. Bb5
$2 {[#]} (18. b4 $16) 18... a3 19. Na6 axb2 (19... Qb7 $11 20. Nc5 Qb6) 20.
Qxb2 ({Weaker is} 20. Nxb8 bxa1=Q 21. Nxc6 {[#]} Bxc6 $1 22. Bxc6 Qa2 $17)
1/2-1/2

[Event "Aeroflot Open 2017"]
[Site "Moscow"]
[Date "2017.02.26"]
[Round "6"]
[White "Bindrich, Falko"]
[Black "Xu, Yinglun"]
[Result "1/2-1/2"]
[WhiteElo "2590"]
[BlackElo "2540"]
[Annotator "TA"]
[PlyCount "63"]
[EventDate "2017.??.??"]

1. d4 d5 2. c4 e6 3. Nc3 Be7 4. Nf3 Nf6 5. Bf4 O-O 6. e3 b6 7. Bd3 Ba6 8. Qe2
c5 {LiveBook: 3 Games} 9. dxc5 Nc6 10. cxd5 $1 Bxd3 {White is slightly better.}
11. Qxd3 Nb4 (11... exd5 12. Qb5 Na5 13. cxb6 Qxb6 14. O-O $16) 12. Qd2 {
[#] Hoping for d6.} Nfxd5 ({Reject} 12... Bxc5 13. d6 $14) ({Much weaker is} 
12... exd5 $6 13. a3 Ne4 14. Nxe4 dxe4 15. axb4 $16) 13. Nxd5 Nxd5 14. Bd6 bxc5
15. Bxe7 Qxe7 16. O-O c4 17. Rac1 Rac8 18. Ne5 Nb6 19. Rfd1 f6 20. Nf3 $1 e5
21. h3 Qe8 22. Qe2 Qa4 23. a3 c3 24. bxc3 Qxa3 {The position is equal.} 25. c4
Rc7 26. c5 Rxc5 27. Rxc5 Qxc5 28. Qa2+ Qc4 29. Qxa7 Qa4 30. Ra1 Qxa7 31. Rxa7
Rf7 32. Ra6 1/2-1/2

[Event "Aeroflot Open 2017"]
[Site "Moscow"]
[Date "2017.02.26"]
[Round "6"]
[White "Alekseenko, Kirill"]
[Black "Petrosyan, Manuel"]
[Result "1-0"]
[WhiteElo "2588"]
[BlackElo "2549"]
[Annotator "TA"]
[PlyCount "101"]
[EventDate "2017.??.??"]

1. e4 e5 2. Nf3 Nc6 3. Bb5 Nf6 4. d3 Bc5 5. Bxc6 dxc6 6. Qe2 Nd7 7. Be3 Bd6 8.
d4 O-O 9. Nbd2 {LiveBook: 3 Games} exd4 10. Nxd4 Re8 11. O-O-O {White has an
edge.} Nf6 12. f3 c5 13. Nb5 a6 14. Nxd6 cxd6 15. Nb1 Qe7 16. Bg5 Be6 17. Nc3
b5 18. Bxf6 Qxf6 19. Rxd6 Rad8 20. Rxd8 (20. Rxa6 $6 Qg5+ 21. Kb1 Bc4 $11)
20... Rxd8 21. Rd1 Qf4+ 22. Kb1 ({White has to play} 22. Rd2 $1 $16) 22...
Rxd1+ $1 $11 23. Qxd1 h6 24. g3 Qe3 $1 25. a4 Qf2 26. axb5 axb5 27. Nxb5 Qxh2
28. Qe1 h5 $1 29. Nc7 Bc4 (29... g5 $11 {remains equal.}) 30. b3 (30. Nd5 $16)
30... Be2 ({Black should play} 30... h4 $11 31. gxh4 Qxc7 32. bxc4 Qb8+ 33. Kc1
Qf4+ 34. Kd1 Qxf3+ 35. Kd2 Qf6) 31. f4 $36 {White has good play.} Qg2 32. e5
Bg4 {[#]} 33. Nb5 $1 Bf5 34. Na3 Qf3 {[#]} 35. Kb2 $1 Kh7 36. Qc3 (36. Nb5 $16)
36... Qf2 $2 ({Black should try} 36... Qxc3+ $1 $14 37. Kxc3 g5 38. fxg5 Kg6)
37. Nc4 Be4 38. Nd6 Bg6 39. Nb7 c4 40. b4 ({Stronger than} 40. bxc4 Qb6+ 41.
Qb3 Qd4+ 42. Ka2 Qa7+ 43. Kb2 Qd4+ 44. Ka2 Qa7+ 45. Kb2 Qd4+ $11) (40. Qxc4 $6
Qxg3 41. Nd8 f6 $18) 40... Bd3 41. Nc5 Bf5 42. Nb7 Bd3 $1 43. Nd6 Qxg3 $2 (
43... Kg8 44. b5 g6 45. Nxc4 Bf5) 44. cxd3 $18 ({Inferior is} 44. Nxc4 h4 $11)
44... cxd3 45. Qd2 Kg8 46. b5 h4 47. b6 Qg1 48. b7 ({Weaker is} 48. Qxd3 Qxb6+
49. Kc3 Qc6+ 50. Kd4 Qc1 $18) 48... Qb6+ 49. Kc3 h3 50. Qb2 Qc6+ 51. Nc4 1-0

[Event "Aeroflot Open 2017"]
[Site "Moscow"]
[Date "2017.02.26"]
[Round "6"]
[White "Karthikeyan, Murali"]
[Black "Berkes, Ferenc"]
[Result "0-1"]
[WhiteElo "2578"]
[BlackElo "2648"]
[Annotator "TA"]
[PlyCount "66"]
[EventDate "2017.??.??"]

1. e4 c6 2. d4 d5 3. e5 Bf5 4. c4 e6 5. Nc3 Ne7 6. a3 dxc4 7. Bxc4 Nd7 8. Nge2
Nb6 9. Bb3 Qd7 {LiveBook: 22 Games} 10. Ng3 Bg6 11. h4 h6 {The position is
equal.} 12. Be3 Nf5 13. h5 Bh7 14. Nxf5 Bxf5 ({Not} 14... exf5 $2 15. O-O $18)
15. Qe2 Be7 16. Rd1 Rg8 17. g4 Bh7 18. f4 O-O-O 19. a4 ({White should play} 19.
f5 $14) 19... Bb4 20. Kf2 Kb8 21. Qf3 Ba5 22. f5 Qe7 {[#] Strongly threatening
...Qb4.} 23. Ne2 (23. Bc1 $11) 23... Nd5 $1 $36 {Black has good play.} 24. Bc1
f6 {...fxe5 is the strong threat.} 25. Nf4 exf5 26. gxf5 ({Wrong is} 26. Bxd5
$2 cxd5 27. Nxd5 Qe6 $19) 26... fxe5 27. Ne6 $2 (27. Bxd5 $17 {nothing else
works.} cxd5 28. Nxd5) 27... Rd6 $19 {Black is clearly winning.} 28. dxe5 (28.
Qe2 $142 Bxf5 29. Nf4) 28... Rxe6 29. Bxd5 {[#]} cxd5 $1 30. fxe6 (30. Rxd5
Bb6+) 30... Rf8 {aiming for ...Bb6+.} 31. Bf4 Be4 32. Qg4 Bxh1 33. Rxh1 Bd2 $1
0-1

[Event "Aeroflot Open 2017"]
[Site "Moscow"]
[Date "2017.02.26"]
[Round "6"]
[White "Sandipan, Chanda"]
[Black "Abdusattorov, Nodirbek"]
[Result "1/2-1/2"]
[WhiteElo "2573"]
[BlackElo "2429"]
[Annotator "TA"]
[PlyCount "71"]
[EventDate "2017.??.??"]

1. d4 Nf6 2. c4 e6 3. Nc3 {??.} Bb4 4. e3 O-O 5. Bd2 d5 6. Nf3 Nbd7 7. Rc1 c6
8. Bd3 Bd6 9. O-O dxc4 10. Bxc4 e5 11. Qc2 Qe7 12. h3 b5 13. Bd3 Bb7 $1 14. Ng5
h6 15. Nge4 a6 (15... Rfe8 $11 {keeps the balance.}) 16. f4 (16. Nxd6 $16 Qxd6
17. Ne4 Nxe4 18. dxe5 (18. Bxe4 exd4 19. a3 Rfe8 $14) 18... Qxe5 19. Bxe4)
16... exd4 $15 17. exd4 c5 18. Ng3 {aiming for Nf5.} Qd8 ({Black should play} 
18... Rfe8 $17 19. Rfe1 Qf8) 19. Nce4 $11 Be7 20. dxc5 Nxc5 21. Nxf6+ Bxf6 22.
Bh7+ Kh8 23. Rfd1 {Hoping for Be3.} Qd4+ 24. Kh2 Qxb2 25. Be3 Na4 {And now ...
Rae8 would win.} 26. Be4 Bxe4 27. Nxe4 Rfe8 (27... Rae8 $17 28. Nxf6 Qxf6) 28.
Qc6 $14 Rad8 (28... Red8 $16 {keeps fighting.}) 29. Nd6 $2 (29. Nxf6 Qxf6 30.
Qxf6 gxf6 31. Rxd8 Rxd8 $11) (29. Rb1 $1 $18 Qa3 30. Nxf6 Qxe3 31. Nxe8 Rxe8
32. Qc7) 29... Rxe3 $11 30. Nxf7+ Kh7 $1 31. Nxd8 {Qd7 is the strong threat.}
Nc3 (31... Qxa2 $6 {[#]} 32. Rd3 $1 (32. Qxa6 Qf2 33. Kh1 Rxh3+ 34. gxh3 Qf3+
35. Kh2 Qf2+ 36. Kh1 Qf3+ 37. Kh2 Qf2+ 38. Kh1 $19) 32... Qf2 33. Rxe3 Qxe3 34.
Ne6 $18) 32. Rd7 {Qxf6! would kill now.} Ne4 ({Much worse is} 32... Nxa2 $6 33.
Rf1 $16) (32... Bh4 $11 33. Rf1 Bg3+ 34. Kh1 Qe2 35. Rxg7+ Kxg7 36. Qc7+ Kg8
37. Qf7+ Kh8 38. Qf6+ Kh7 39. Qf7+ Kh8 40. Qf6+ Kh7 41. Qf7+ Kh8) 33. Ne6 (33.
Qc2 $14) 33... Qf2 {The position is equal.} ({But not} 33... Qxa2 $2 {[#]} 34.
Nxg7 $1 Rxh3+ 35. Kxh3 $18) 34. Nf8+ Kh8 35. Ng6+ Kh7 {( -> ...Rxh3+!)} 36.
Nf8+ 1/2-1/2

[Event "Aeroflot Open 2017"]
[Site "Moscow"]
[Date "2017.02.26"]
[Round "6"]
[White "Zhigalko, Andrey"]
[Black "Kovalevskaya, Ekaterina"]
[Result "1-0"]
[WhiteElo "2571"]
[BlackElo "2423"]
[Annotator "TA"]
[PlyCount "91"]
[EventDate "2017.??.??"]

1. e4 c5 2. Nf3 Nc6 3. c3 d5 4. exd5 Qxd5 5. d4 cxd4 6. cxd4 e6 7. Nc3 Qd8 8.
Bc4 Nf6 9. O-O Be7 10. Re1 O-O 11. a3 a6 12. Ba2 b5 13. d5 exd5 14. Nxd5 Nxd5
15. Qxd5 Bb7 16. Qh5 Qd6 17. Bg5 Rad8 18. Bxe7 Nxe7 {LiveBook: 5 Games} 19. Ng5
{[#]} Qg6 20. Qxh7+ Qxh7 {White is better.} 21. Nxh7 Rfe8 22. Ng5 Bd5 23. Bxd5
Nxd5 24. Rxe8+ Rxe8 $16 {Endgame KRN-KRN} 25. Rd1 Nb6 {[#]} 26. b3 $1 f6 27.
Nf3 Re6 (27... a5 $16 {might work better.} 28. Rd6 Rb8) 28. Kf1 $18 Kf7 29. h4
a5 30. Nd4 Rd6 31. Ke2 Nd5 {aiming for ...Nc3+.} 32. Rd2 ({But not} 32. Nxb5 $6
Nf4+ 33. Ke1 Nxg2+ 34. Ke2 Nf4+ 35. Ke1 Ng2+ 36. Ke2 Nf4+ 37. Ke1 Ng2+ $11)
32... b4 33. axb4 axb4 34. g3 Nc3+ 35. Kd3 Nb1 (35... g5 $16 {was necessary.}
36. hxg5 fxg5) 36. Rc2 Rd7 37. Rc4 Rb7 38. h5 Nc3 39. Nc6 Rd7+ 40. Rd4 Nd5 $2 (
40... Rc7) 41. Kc4 Ke6 42. Nxb4 (42. g4 $142) 42... Rc7+ 43. Kd3 Rc3+ $2 (43...
Ne7 44. Rc4 Rd7+ 45. Kc2 Ra7) 44. Kd2 {White is clearly winning.} Rxb3 45. Nxd5
Ke5 46. Rb4 1-0